000
00311nam a2200133Ia 4500
008
240624s9999 xx 000 0 und d
041
_a
eng
082
_a
920 ROB
100
_a
ROBERTS GREGORY DAVID
245
_a
SHANTARAM
260
_c
2007
_a
London
_b
Abacus
300
_a
936 : p. : cm. ; 19
365
_c
BPS
_b
20
999
_c
7297
_d
7297